00615 2200217 4500001002100000005001500021035002000036007000300056008004100059020001800100082001100118084001700129100001500146245010200161260004500263300003600308650001500344700001400359990001200373990001200385INLIS00000000000155220180213031548 a0010-0218000147ta180213 g 0 ind  a9786020321905 a910.09 a910.09 HEN i0 aHENDRA, Fu1 aI'm Not A Backpacker ASEAN Escape Jelajah 10 Negara Asia Tenggara /cHendra Fu; editor, Raviyanto aJakarta :bGramedia Pustaka Utama,c2015 axix, 337 hlm. :bilus. ;c20 cm aPERJALANAN0 aRAVIYANTO a16365 a a16365 b